Yüklüyor......

Imagining a Place for Buddhism

Detaylı Bibliyografya
Yazar: Monius , Annie E
Materyal Türü: Printed Book
Baskı/Yayın Bilgisi: Oxford; Oxford University Press; 2001
Konular:
LEADER 00493nam a22001457a 4500
020 |a 9788189059194 
082 |a 294.3  |b MON/I P1 
100 |a Monius , Annie E  |9 166734 
245 |a Imagining a Place for Buddhism 
260 |a Oxford;  |b Oxford University Press;  |c 2001 
300 |a 257p. 
650 |a English; Buddhism  |9 318715 
942 |c BK 
999 |c 62818  |d 62818 
952 |0 0  |1 0  |4 0  |6 294_000000000000000_3MON_I  |7 0  |8 ES  |9 75272  |a MAL  |b MAL  |d 2016-10-03  |e 51844  |l 0  |o 294.3MON/I  |p MAL051844  |r 2016-10-03  |w 2016-10-03  |y BK